000 00787cam a2200229 4500
001 WS110346
008 000000n 000 0 eng u
035 _a(Sirsi) u110346
110 _aAssociation of British Insurers
_93272
245 _aAssociation of British Insurers
520 _aSite for this organisation including a glossary of terms, a series of consumer fact sheets and industry market information.
650 _aBUILT ENVIRONMENT-BUILDING COSTS-REINSTATEMENT COSTS
650 _aGLOSSARY
650 _aARSON
650 _aBUILDINGS INSURANCE
650 _aMORTGAGES
650 _aENDOWMENT MORTGAGES
650 _aORGANISATION
690 _aINSURANCE
_96249
856 4 0 _uhttps://www.abi.org.uk
_zView the website free of charge at www.abi.org.uk...
942 _n0
999 _c119738
_d119738